000 00430 a2200157 4500
020 _a8176561061
040 _aDLC
_bEnglish
082 _a005.133
100 _aKanetkar Yashavant
245 _aLet Us C++
_cYashavant Kanetkar
260 _aNew Dehli:
_bBPB Publications,
_c2002.
300 _axii, 605 p. :
_bill. ;
_c24 cm.
500 _aIncludes Index
650 _aC++ (Computer program language)
942 _cBK
_k005.133 KAN
_2ddc
999 _c5913
_d5913